Family counseling : strategies and issues
| Other Authors: | |
|---|---|
| Format: | Book |
| Published: |
London :
Love Publishing Company ,
2007
|
| Edition: | 2nd ed |
| Subjects: |
MARC
| LEADER | 00000cam a2200000 7i4500 | ||
|---|---|---|---|
| 001 | 0000037001 | ||
| 005 | 20130711.0 | ||
| 008 | 130711 | ||
| 020 | |a 0891083191 | ||
| 090 | 0 | 0 | |a 362.8286 |b CAR |
| 245 | 1 | 0 | |a Family counseling : |b strategies and issues |c edited by Jon Carlson and Judith Lewis |
| 250 | |a 2nd ed | ||
| 260 | |a London : |b Love Publishing Company , |c 2007 | ||
| 650 | 0 | |a Family counseling |x Motivation | |
| 650 | 0 | |a Family |x Counseling | |
| 700 | 1 | |a Lewis, Judith | |
| 999 | |a 0001227778 |b Book |c Adult Collection |e Cawangan Urban Transformation Centre | ||